Breach guess the song by the lyric - Statistics

General Stats
  • This quiz has been taken 14 times
  • The average score is 12 of 13
Answer Stats
Hint Answer % Correct
Hey it's Josh, call me back One Way
100%
A little softer than I used to be Center Mass
93%
I write a promise in pencil but my loyalty's in pen City Walls
93%
Someone chopped you down Cottonwood
93%
And I should try Topo Chico Days Lie Dormant
93%
I'm begging oh oh oh mercy Downstairs
93%
Drown it out Drum show
93%
You will fail most everyday Intentions
93%
I can't seem to sit still any longer RAWFEAR
93%
Feeling so fancy Robot Voices
93%
Sold it all at a discount Tally
93%
Bright eyed with wonder Garbage
86%
Pace around The Contract
86%
No matching quizzes found
Score Distribution
Percent of People with Each Score
Percentile by Number Answered
Your Score History
You have not taken this quiz